000 00951nas a2200289 4500
001 BR0102588
003 BR-BrBNA
005 20231205102248.0
007 ta
008 230509b bl.|||p| |||| 00| 00por d
040 _aBR-BrBNA
_bpor
_cBiblioteca Nacional de Agricultura
041 _a(Pt)
072 _aL10
100 1 _aAzevedo, D.M.M.R.
100 1 _aToniolli, R.
245 1 _aAvaliacao in vitro do semen de caprinos do tipo racial Marota diluido em aguas de coco estabilizada com antibioticos e leite desnatado adicionado de acido 3-indol-acetico (IAA)
650 _aCaprino
650 _aSemen
650 _aAgua de Coco
650 _aRaca
650 _aGenetica Animal
650 _aAntibiotico
650 _aAcido Indolacetico
773 0 _tRevista Brasileira de Producao Animal (Brazil)
_xISSN 0102-0803
_g(Oct-Dec 2000), v. 24(4) p. 187-193
_wBR0102588
909 _a202311
_bLúcia
_c55
_dLúcia Elande
942 _2AGRIS
_n0
_cANA
999 _c166635
_d166635